<?xml version="1.0" encoding="UTF-8"?>
<record
    xmlns:xsi="http://www.w3.org/2001/XMLSchema-instance"
    xsi:schemaLocation="http://www.loc.gov/MARC21/slim http://www.loc.gov/standards/marcxml/schema/MARC21slim.xsd"
    xmlns="http://www.loc.gov/MARC21/slim">

  <leader>01088nam a22002057a 4500</leader>
  <datafield tag="999" ind1=" " ind2=" ">
    <subfield code="c">358491</subfield>
    <subfield code="d">358491</subfield>
  </datafield>
  <controlfield tag="003">IT-MiCISF</controlfield>
  <controlfield tag="005">20191203152342.0</controlfield>
  <controlfield tag="008">191203b           ||||| |||| 00| 0 eng d</controlfield>
  <datafield tag="040" ind1=" " ind2=" ">
    <subfield code="c">IT-MiCISF</subfield>
  </datafield>
  <datafield tag="041" ind1=" " ind2=" ">
    <subfield code="a">IT</subfield>
  </datafield>
  <datafield tag="100" ind1=" " ind2=" ">
    <subfield code="a">Longobardi Silvio</subfield>
    <subfield code="9">58027</subfield>
  </datafield>
  <datafield tag="245" ind1=" " ind2=" ">
    <subfield code="a">In ascolto dell'altro</subfield>
    <subfield code="b">Imparare l'arte del dialogo nella coppia alla luce della Parola di Dio</subfield>
  </datafield>
  <datafield tag="260" ind1=" " ind2=" ">
    <subfield code="a">Angri (SA)</subfield>
    <subfield code="b">Punto Famiglia</subfield>
    <subfield code="c">2019</subfield>
  </datafield>
  <datafield tag="300" ind1=" " ind2=" ">
    <subfield code="a">pp. 109</subfield>
  </datafield>
  <datafield tag="500" ind1=" " ind2=" ">
    <subfield code="a">spiritualit&#xE0;-coniugale, coppia, comunicazione</subfield>
  </datafield>
  <datafield tag="520" ind1=" " ind2=" ">
    <subfield code="a">Il dialogo non consiste semplicemente nel comunicare sentimenti, si rischia di rimanere alla superficie. Dialogare significa anzitutto far risuonare l'Eterna Parola, secondo la raccomandazione che l'apostolo offre alla comunit&#xE0; cristiana: "La Parola di Cristo abiti tra voi nella sua ricchezza" (Col 3,16). In tal modo il dialogo &#xE8; fatto dinanzi a Dio, sotto lo sguardo di Dio. A Lui gli sposi raccontano la propria vita e a Lui chiedono la luce per capire quali sono i passi da fare.</subfield>
  </datafield>
  <datafield tag="650" ind1=" " ind2=" ">
    <subfield code="a">pastorale-familiare</subfield>
    <subfield code="9">56039</subfield>
  </datafield>
  <datafield tag="654" ind1=" " ind2=" ">
    <subfield code="a">sussidio</subfield>
  </datafield>
  <datafield tag="942" ind1=" " ind2=" ">
    <subfield code="2">ddc</subfield>
    <subfield code="c">BK</subfield>
  </datafield>
  <datafield tag="952" ind1=" " ind2=" ">
    <subfield code="0">0</subfield>
    <subfield code="1">0</subfield>
    <subfield code="2">ddc</subfield>
    <subfield code="4">0</subfield>
    <subfield code="6">B_7559_000000000000000</subfield>
    <subfield code="7">1</subfield>
    <subfield code="a">CISF</subfield>
    <subfield code="b">CISF</subfield>
    <subfield code="d">2019-12-03</subfield>
    <subfield code="l">0</subfield>
    <subfield code="o">b7559</subfield>
    <subfield code="p">9788899072391</subfield>
    <subfield code="r">2019-12-03 00:00:00</subfield>
    <subfield code="w">2019-12-03</subfield>
    <subfield code="y">BK</subfield>
  </datafield>
</record>
